000 00603nam a2200193Ia 4500
003 LDD
008 190117s9999 xx 000 0 und d
020 _a8170553350
_c₹95
040 _cLDD
041 _ahi
082 _a8h4.7 क691592
100 _aराजकिशोर
245 0 _aकश्मीर का भविष्य
_cराजकिशोर
260 _aनई दिल्ली
_bवाणी
_c1995
300 _a164
901 _aVANI
904 _aReqst by : विमल खांडेकर
942 _2ddc
_cH
999 _c168290
_d168290